[Event "WCO2014"]
[Site "Tromso"]
[Date "2014.08.12"]
[Round "10.4"]
[WhiteID "2903229"]
[White "Djingarova Emilia"]
[BlackID "14904888"]
[Black "Machalova Veronika"]
[Result "1/2-1/2"]
[LiveChessVersion "1.4.3"]
[BlackElo "2214"]
[WhiteElo "2303"]

1. e4 {[%clk 1:30:40]} c5 {[%clk 1:29:42]} 2. Nf3 {[%clk 1:30:48]} e6
{[%clk 1:29:24]} 3. g3 {[%clk 1:30:45]} Nc6 {[%clk 1:26:55]} 4. Bg2
{[%clk 1:30:39]} Qc7 {[%clk 1:23:08]} 5. O-O {[%clk 1:29:22]} Nf6
{[%clk 1:21:55]} 6. Qe2 {[%clk 1:28:07]} d6 {[%clk 1:17:37]} 7. c3
{[%clk 1:27:41]} e5 {[%clk 1:11:09]} 8. h3 {[%clk 1:22:37]} g6 {[%clk 1:04:46]}
9. d4 {[%clk 1:20:22]} Bg7 {[%clk 1:00:07]} 10. Na3 {[%clk 1:10:55]} O-O
{[%clk 0:53:33]} 11. dxc5 {[%clk 1:00:09]} dxc5 {[%clk 0:53:51]} 12. Bg5
{[%clk 1:00:33]} b6 {[%clk 0:49:43]} 13. Rfd1 {[%clk 0:59:29]} a6
{[%clk 0:40:30]} 14. Nc4 {[%clk 0:56:34]} Be6 {[%clk 0:32:52]} 15. Bxf6
{[%clk 0:50:03]} Bxc4 {[%clk 0:30:17]} 16. Qxc4 {[%clk 0:50:24]} Bxf6
{[%clk 0:30:43]} 17. h4 {[%clk 0:41:23]} h5 {[%clk 0:25:38]} 18. Bh3
{[%clk 0:38:21]} Rfd8 {[%clk 0:24:51]} 19. Rxd8+ {[%clk 0:36:51]} Nxd8
{[%clk 0:17:17]} 20. Rd1 {[%clk 0:36:54]} b5 {[%clk 0:16:05]} 21. Qd5
{[%clk 0:35:49]} Nb7 {[%clk 0:16:10]} 22. Qb3 {[%clk 0:22:44]} c4
{[%clk 0:15:44]} 23. Qc2 {[%clk 0:23:13]} Rd8 {[%clk 0:16:10]} 24. Rxd8+
{[%clk 0:21:24]} Qxd8 {[%clk 0:16:11]} 25. b4 {[%clk 0:21:49]} cxb3
{[%clk 0:13:20]} 26. axb3 {[%clk 0:22:14]} Qd6 {[%clk 0:12:46]} 27. b4
{[%clk 0:21:33]} Qc6 {[%clk 0:11:01]} 28. Qd3 {[%clk 0:19:11]} Qd6
{[%clk 0:10:21]} 29. Qc2 {[%clk 0:17:25]} Qc6 {[%clk 0:10:32]} 30. Qd3
{[%clk 0:17:09]} Qd6 {[%clk 0:10:49]} 31. Qc2 {[%clk 0:17:30]} Qc6
{[%clk 0:11:07]} 32. Qd3 {[%clk 0:17:53]} Qd6 1/2-1/2

[Event "WCO2014"]
[Site "Tromso"]
[Date "2014.08.12"]
[Round "10.32"]
[WhiteID "4501993"]
[White "Golubenko Valentina"]
[BlackID "13300210"]
[Black "Danielian Elina"]
[Result "1-0"]
[LiveChessVersion "1.4.3"]
[BlackElo "2490"]
[WhiteElo "2269"]

1. d4 {[%clk 1:30:58]} Nf6 {[%clk 1:30:55]} 2. c4 {[%clk 1:31:04]} e6
{[%clk 1:31:19]} 3. Nf3 {[%clk 1:31:24]} d5 {[%clk 1:31:31]} 4. g3
{[%clk 1:29:00]} Be7 {[%clk 1:31:43]} 5. Bg2 {[%clk 1:23:51]} O-O
{[%clk 1:31:43]} 6. Nbd2 {[%clk 1:23:19]} Nbd7 {[%clk 1:27:09]} 7. O-O
{[%clk 1:22:06]} c6 {[%clk 1:23:20]} 8. Qc2 {[%clk 1:21:50]} b6 {[%clk 1:23:30]}
9. e4 {[%clk 1:20:59]} Ba6 {[%clk 1:23:30]} 10. Re1 {[%clk 1:13:15]} Rc8
{[%clk 1:23:23]} 11. e5 {[%clk 1:03:25]} Ne8 {[%clk 1:23:48]} 12. a3
{[%clk 1:00:27]} c5 {[%clk 1:13:54]} 13. cxd5 {[%clk 0:59:38]} exd5
{[%clk 1:08:44]} 14. Nf1 {[%clk 0:41:35]} cxd4 {[%clk 1:07:41]} 15. Qf5
{[%clk 0:37:33]} g6 {[%clk 0:57:33]} 16. Qg4 {[%clk 0:36:23]} h5 {[%clk 0:48:30]}
17. Qxd4 {[%clk 0:26:55]} Nc5 {[%clk 0:48:31]} 18. Bh6 {[%clk 0:24:31]} Nb3
{[%clk 0:45:25]} 19. Qa4 {[%clk 0:23:13]} Bc4 {[%clk 0:40:04]} 20. Bxf8
{[%clk 0:19:28]} Bxf8 {[%clk 0:36:34]} 21. Bh3 {[%clk 0:11:28]} b5
{[%clk 0:14:46]} 22. Qa6 {[%clk 0:09:57]} Rc7 {[%clk 0:12:20]} 23. e6
{[%clk 0:09:39]} Nd6 {[%clk 0:10:13]} 24. exf7+ {[%clk 0:07:57]} Kg7
{[%clk 0:10:38]} 25. Rad1 {[%clk 0:03:59]} b4 {[%clk 0:05:13]} 26. Qa4
{[%clk 0:03:55]} bxa3 {[%clk 0:05:27]} 27. bxa3 {[%clk 0:03:05]} Qf6
{[%clk 0:02:56]} 28. Bg2 {[%clk 0:02:03]} Nb5 {[%clk 0:01:07]} 29. h4
{[%clk 0:00:53]} Rxf7 {[%clk 0:01:08]} 30. Ne3 {[%clk 0:00:52]} Nc3
{[%clk 0:01:32]} 31. Qe8 {[%clk 0:01:06]} Nxd1 {[%clk 0:01:31]} 32. Nxd1
{[%clk 0:00:56]} Re7 {[%clk 0:01:02]} 33. Qb8 {[%clk 0:00:47]} Rxe1+
{[%clk 0:01:11]} 34. Nxe1 {[%clk 0:01:14]} Bc5 {[%clk 0:01:02]} 35. Nf3
{[%clk 0:00:44]} Qd6 {[%clk 0:00:50]} 36. Qa8 {[%clk 0:00:44]} Nc1
{[%clk 0:00:41]} 37. Ng5 {[%clk 0:00:55]} Ne2+ {[%clk 0:00:51]} 38. Kh1
{[%clk 0:00:56]} Bb6 {[%clk 0:00:36]} 39. Qb7+ {[%clk 0:01:12]} Bc7
{[%clk 0:00:38]} 40. Qxc7+ {[%clk 0:01:14]} Qxc7 {[%clk 0:01:07]} 41. Ne6+
{[%clk 0:01:36]} Kf6 {[%clk 0:01:34]} 42. Nxc7 {[%clk 0:02:01]} Ke5
{[%clk 0:01:56]} 43. Ne3 {[%clk 0:30:34]} Nc3 {[%clk 0:32:47]} 44. Nxc4+
{[%clk 0:28:13]} dxc4 {[%clk 0:33:14]} 45. Bf1 {[%clk 0:28:20]} Ne4
{[%clk 0:27:55]} 46. Bxc4 {[%clk 0:26:37]} Nxf2+ {[%clk 0:28:21]} 47. Kg2
{[%clk 0:27:02]} Ne4 {[%clk 0:28:48]} 48. Bd3 {[%clk 0:25:17]} Nd2
{[%clk 0:25:02]} 49. Bxg6 {[%clk 0:25:11]} Nc4 {[%clk 0:25:27]} 50. a4
{[%clk 0:25:24]} a5 {[%clk 0:22:54]} 51. Bxh5 {[%clk 0:25:11]} Kd6
{[%clk 0:23:05]} 52. Nb5+ {[%clk 0:25:16]} Kc5 {[%clk 0:23:31]} 53. Be2
{[%clk 0:25:10]} Nb2 {[%clk 0:23:46]} 54. h5 {[%clk 0:25:19]} 1-0

[Event "WCO2014"]
[Site "Tromso"]
[Date "2014.08.12"]
[Round "10.31"]
[WhiteID "13300601"]
[White "Mkrtchian Lilit"]
[BlackID "14507943"]
[Black "Franciskovic Borka"]
[Result "1/2-1/2"]
[LiveChessVersion "1.4.3"]
[BlackElo "2318"]
[WhiteElo "2453"]

1. Nf3 {[%clk 1:30:49]} Nf6 {[%clk 1:30:42]} 2. g3 {[%clk 1:31:12]} c5
{[%clk 1:29:37]} 3. Bg2 {[%clk 1:31:34]} Nc6 {[%clk 1:27:14]} 4. O-O
{[%clk 1:30:19]} e6 {[%clk 1:26:21]} 5. d3 {[%clk 1:26:55]} d5 {[%clk 1:22:01]}
6. Nbd2 {[%clk 1:26:58]} Bd6 {[%clk 1:19:36]} 7. e4 {[%clk 1:26:56]} O-O
{[%clk 1:17:01]} 8. Re1 {[%clk 1:25:48]} Qc7 {[%clk 1:13:51]} 9. Qe2
{[%clk 1:18:48]} Nd7 {[%clk 1:09:10]} 10. c3 {[%clk 1:18:25]} b6 {[%clk 1:02:31]}
11. Nh4 {[%clk 1:16:02]} d4 {[%clk 0:52:45]} 12. f4 {[%clk 1:14:34]} Be7
{[%clk 0:43:46]} 13. e5 {[%clk 0:47:25]} Bxh4 {[%clk 0:39:23]} 14. gxh4
{[%clk 0:47:55]} dxc3 {[%clk 0:35:06]} 15. bxc3 {[%clk 0:48:21]} Bb7
{[%clk 0:35:27]} 16. Bb2 {[%clk 0:41:48]} Ne7 {[%clk 0:34:20]} 17. Ne4
{[%clk 0:41:49]} Nf5 {[%clk 0:30:12]} 18. Qg4 {[%clk 0:33:54]} Rad8
{[%clk 0:28:30]} 19. c4 {[%clk 0:30:56]} Nb8 {[%clk 0:20:05]} 20. Rad1
{[%clk 0:24:19]} Kh8 {[%clk 0:15:58]} 21. Nd6 {[%clk 0:23:08]} Bxg2
{[%clk 0:14:51]} 22. Kxg2 {[%clk 0:22:12]} Nh6 {[%clk 0:10:53]} 23. Qg5
{[%clk 0:22:12]} Nc6 {[%clk 0:10:26]} 24. Kf2 {[%clk 0:19:36]} Ne7
{[%clk 0:08:14]} 25. Rg1 {[%clk 0:19:54]} Nef5 {[%clk 0:08:14]} 26. Qh5
{[%clk 0:18:58]} Qe7 {[%clk 0:05:51]} 27. Rg5 {[%clk 0:19:06]} g6
{[%clk 0:05:04]} 28. Qf3 {[%clk 0:15:38]} Nxh4 {[%clk 0:05:03]} 29. Qh3
{[%clk 0:15:58]} N6f5 {[%clk 0:04:41]} 30. Rdg1 {[%clk 0:15:45]} a6
{[%clk 0:02:37]} 31. R1g4 {[%clk 0:15:30]} b5 {[%clk 0:01:55]} 32. Rxh4
{[%clk 0:14:55]} Nxh4 {[%clk 0:02:20]} 33. Qxh4 {[%clk 0:15:21]} bxc4
{[%clk 0:02:29]} 34. dxc4 {[%clk 0:14:27]} Rb8 {[%clk 0:01:48]} 35. Bc3
{[%clk 0:14:53]} Qd7 {[%clk 0:02:05]} 36. Rg2 {[%clk 0:06:20]} Qa4
{[%clk 0:01:46]} 37. Ke3 {[%clk 0:06:22]} Qd1 {[%clk 0:00:59]} 38. Qf6+
{[%clk 0:01:04]} Kg8 {[%clk 0:01:25]} 39. Nf5 {[%clk 0:00:56]} exf5
{[%clk 0:00:45]} 40. e6 {[%clk 0:01:21]} Qc1+ {[%clk 0:00:44]} 41. Kf3
{[%clk 0:00:41]} Qd1+ {[%clk 0:20:51]} 42. Kf2 {[%clk 0:28:17]} Rb2+
{[%clk 0:17:09]} 43. Bxb2 {[%clk 0:27:31]} Qd2+ {[%clk 0:17:25]} 44. Kf3
{[%clk 0:23:41]} Qd3+ {[%clk 0:17:34]} 45. Kf2 {[%clk 0:24:03]} Qd2+
{[%clk 0:17:50]} 46. Kf3 {[%clk 0:24:10]} Qd3+ {[%clk 0:18:15]} 47. Kf2
{[%clk 0:24:29]} 1/2-1/2

[Event "WCO2014"]
[Site "Tromso"]
[Date "2014.08.12"]
[Round "10.30"]
[WhiteID "14512670"]
[White "Deur Saric Zrinka"]
[BlackID "13301314"]
[Black "Galojan Lilit"]
[Result "0-1"]
[LiveChessVersion "1.4.3"]
[BlackElo "2275"]
[WhiteElo "2113"]

1. e4 {[%clk 1:30:58]} e5 {[%clk 1:30:38]} 2. Nf3 {[%clk 1:31:21]} Nc6
{[%clk 1:31:04]} 3. Bb5 {[%clk 1:31:20]} a6 {[%clk 1:31:28]} 4. Ba4
{[%clk 1:31:45]} Nf6 {[%clk 1:31:50]} 5. O-O {[%clk 1:31:03]} Be7
{[%clk 1:31:35]} 6. Re1 {[%clk 1:30:58]} b5 {[%clk 1:32:01]} 7. Bb3
{[%clk 1:31:24]} O-O {[%clk 1:31:27]} 8. h3 {[%clk 1:31:12]} d6 {[%clk 1:27:31]}
9. c3 {[%clk 1:31:01]} h6 {[%clk 1:27:52]} 10. d4 {[%clk 1:26:11]} Re8
{[%clk 1:27:50]} 11. Nbd2 {[%clk 1:25:26]} Bf8 {[%clk 1:28:11]} 12. Nf1
{[%clk 1:18:12]} Bb7 {[%clk 1:25:20]} 13. Ng3 {[%clk 1:17:13]} Na5
{[%clk 1:25:44]} 14. Bc2 {[%clk 1:16:36]} Nc4 {[%clk 1:26:10]} 15. b3
{[%clk 1:12:25]} Nb6 {[%clk 1:26:34]} 16. Bb2 {[%clk 1:08:31]} Nfd7
{[%clk 1:06:18]} 17. Qd2 {[%clk 0:58:07]} a5 {[%clk 0:55:39]} 18. Bd3
{[%clk 0:51:10]} c6 {[%clk 0:56:00]} 19. Nf5 {[%clk 0:42:39]} Kh7
{[%clk 0:39:14]} 20. Rad1 {[%clk 0:29:17]} g6 {[%clk 0:38:28]} 21. Ne3
{[%clk 0:19:19]} Bg7 {[%clk 0:14:15]} 22. Bb1 {[%clk 0:16:10]} a4
{[%clk 0:14:15]} 23. dxe5 {[%clk 0:15:22]} dxe5 {[%clk 0:14:22]} 24. c4
{[%clk 0:15:06]} axb3 {[%clk 0:13:59]} 25. axb3 {[%clk 0:15:31]} Ba6
{[%clk 0:08:57]} 26. Qc2 {[%clk 0:12:29]} Qe7 {[%clk 0:08:44]} 27. cxb5
{[%clk 0:10:45]} Bxb5 {[%clk 0:09:10]} 28. Rd2 {[%clk 0:10:05]} Qc5
{[%clk 0:04:21]} 29. Nc4 {[%clk 0:04:46]} Bxc4 {[%clk 0:03:49]} 30. bxc4
{[%clk 0:05:13]} Nf8 {[%clk 0:03:25]} 31. Rc1 {[%clk 0:05:02]} Ne6
{[%clk 0:02:43]} 32. Qb3 {[%clk 0:02:51]} Reb8 {[%clk 0:02:56]} 33. Qe3
{[%clk 0:02:15]} Na4 {[%clk 0:00:57]} 34. Bc3 {[%clk 0:00:37]} Qxe3
{[%clk 0:01:21]} 35. fxe3 {[%clk 0:00:57]} Nxc3 {[%clk 0:01:50]} 36. Bd3
{[%clk 0:00:39]} Na2 {[%clk 0:01:36]} 37. Ra1 {[%clk 0:00:36]} Nb4
{[%clk 0:02:01]} 38. Rxa8 {[%clk 0:00:36]} Rxa8 {[%clk 0:02:30]} 39. Bf1
{[%clk 0:01:00]} Rd8 {[%clk 0:02:21]} 40. Rb2 {[%clk 0:00:41]} c5
{[%clk 0:02:33]} 41. Be2 {[%clk 0:00:35]} h5 {[%clk 0:02:12]} 42. Rb3
{[%clk 0:30:47]} Ra8 {[%clk 0:32:27]} 0-1

[Event "WCO2014"]
[Site "Tromso"]
[Date "2014.08.12"]
[Round "10.29"]
[WhiteID "4129709"]
[White "Kursova Maria"]
[BlackID "14514451"]
[Black "Purgar Ivona"]
[Result "1-0"]
[LiveChessVersion "1.4.3"]
[BlackElo "2102"]
[WhiteElo "2313"]

1. Nf3 {[%clk 1:30:57]} Nf6 {[%clk 1:30:44]} 2. c4 {[%clk 1:31:21]} e6
{[%clk 1:30:56]} 3. d4 {[%clk 1:31:41]} b6 {[%clk 1:31:07]} 4. g3
{[%clk 1:31:54]} Ba6 {[%clk 1:31:06]} 5. Nbd2 {[%clk 1:31:55]} Bb7
{[%clk 1:29:59]} 6. Bg2 {[%clk 1:32:02]} Bb4 {[%clk 1:29:52]} 7. O-O
{[%clk 1:30:55]} O-O {[%clk 1:28:45]} 8. a3 {[%clk 1:11:02]} Bxd2
{[%clk 1:15:16]} 9. Qxd2 {[%clk 1:09:17]} d6 {[%clk 1:13:36]} 10. b4
{[%clk 1:09:11]} Nbd7 {[%clk 1:11:19]} 11. Bb2 {[%clk 1:08:45]} Qe7
{[%clk 1:07:14]} 12. Rfd1 {[%clk 0:58:21]} Rfd8 {[%clk 0:58:02]} 13. Rac1
{[%clk 0:48:27]} c5 {[%clk 0:51:05]} 14. Qe3 {[%clk 0:30:26]} cxd4
{[%clk 0:31:44]} 15. Rxd4 {[%clk 0:25:33]} Nf8 {[%clk 0:26:08]} 16. Rcd1
{[%clk 0:21:44]} e5 {[%clk 0:20:21]} 17. c5 {[%clk 0:17:09]} dxc5
{[%clk 0:12:35]} 18. Rxd8 {[%clk 0:17:28]} Rxd8 {[%clk 0:13:02]} 19. Rxd8
{[%clk 0:17:50]} Qxd8 {[%clk 0:13:30]} 20. Qxe5 {[%clk 0:18:07]} cxb4
{[%clk 0:12:47]} 21. axb4 {[%clk 0:18:32]} Qd1+ {[%clk 0:10:16]} 22. Bf1
{[%clk 0:18:57]} Qb3 {[%clk 0:06:33]} 23. Bc3 {[%clk 0:13:29]} h6
{[%clk 0:06:19]} 24. h3 {[%clk 0:12:57]} N8d7 {[%clk 0:02:42]} 25. Qc7
{[%clk 0:11:14]} Qd5 {[%clk 0:02:07]} 26. Bg2 {[%clk 0:11:10]} Qd1+
{[%clk 0:01:33]} 27. Kh2 {[%clk 0:11:35]} Bd5 {[%clk 0:01:07]} 28. Nd4
{[%clk 0:04:11]} Bxg2 {[%clk 0:01:15]} 29. Kxg2 {[%clk 0:04:39]} Qa4
{[%clk 0:00:53]} 30. f3 {[%clk 0:02:37]} Nd5 {[%clk 0:00:55]} 31. Qd8+
{[%clk 0:02:54]} Kh7 {[%clk 0:01:22]} 32. Bd2 {[%clk 0:03:10]} N7f6
{[%clk 0:01:21]} 33. Qf8 {[%clk 0:02:58]} Qe8 {[%clk 0:01:06]} 34. Qxe8
{[%clk 0:01:59]} Nxe8 {[%clk 0:01:35]} 35. e4 {[%clk 0:02:21]} Ndc7
{[%clk 0:01:06]} 36. f4 {[%clk 0:01:41]} Nd6 {[%clk 0:00:48]} 37. Kf3
{[%clk 0:01:36]} Nc4 {[%clk 0:00:54]} 38. Bc3 {[%clk 0:01:34]} a5
{[%clk 0:00:41]} 39. bxa5 {[%clk 0:01:50]} bxa5 {[%clk 0:01:07]} 40. Ke2
{[%clk 0:01:57]} a4 {[%clk 0:01:10]} 41. Kd3 {[%clk 0:02:02]} Nd6
{[%clk 0:27:42]} 42. Bb4 {[%clk 0:26:57]} Nde8 {[%clk 0:19:35]} 43. Be7
{[%clk 0:17:36]} g6 {[%clk 0:15:58]} 44. Kc4 {[%clk 0:17:40]} Ng7
{[%clk 0:15:02]} 45. Bd6 {[%clk 0:12:12]} Nce6 {[%clk 0:11:00]} 46. Ne2
{[%clk 0:09:15]} Ne8 {[%clk 0:08:03]} 47. Be5 {[%clk 0:09:27]} f5
{[%clk 0:05:15]} 48. exf5 {[%clk 0:09:25]} gxf5 {[%clk 0:05:39]} 49. Kb4
{[%clk 0:09:44]} Kg6 {[%clk 0:05:31]} 50. Kxa4 {[%clk 0:09:17]} Nc5+
{[%clk 0:03:44]} 51. Kb5 {[%clk 0:09:33]} Ne4 {[%clk 0:03:48]} 52. Kc6
{[%clk 0:07:56]} Nf2 {[%clk 0:03:15]} 53. Ng1 {[%clk 0:07:17]} h5
{[%clk 0:03:16]} 54. Bd4 {[%clk 0:06:46]} Ne4 {[%clk 0:02:47]} 55. Ne2
{[%clk 0:06:41]} N8f6 {[%clk 0:02:32]} 56. Bxf6 {[%clk 0:06:39]} Kxf6
{[%clk 0:02:53]} 57. Kd5 {[%clk 0:06:57]} Nf2 {[%clk 0:02:34]} 58. Ng1
{[%clk 0:07:13]} Nh1 {[%clk 0:02:04]} 59. Ne2 {[%clk 0:07:03]} Nf2
{[%clk 0:02:29]} 60. Kd4 {[%clk 0:07:04]} Nd1 {[%clk 0:00:38]} 61. Nc3
{[%clk 0:06:29]} Nb2 {[%clk 0:00:42]} 62. Nd5+ {[%clk 0:06:14]} Ke6
{[%clk 0:00:49]} 63. Nc7+ {[%clk 0:05:47]} Kf6 {[%clk 0:00:43]} 64. h4
{[%clk 0:03:26]} Nd1 {[%clk 0:00:46]} 65. Ne8+ {[%clk 0:02:00]} Kf7
{[%clk 0:01:00]} 66. Nd6+ {[%clk 0:01:12]} Ke6 {[%clk 0:01:21]} 67. Nc4
{[%clk 0:01:32]} Nf2 {[%clk 0:01:25]} 68. Nd2 {[%clk 0:01:21]} Kf6
{[%clk 0:00:39]} 69. Kd5 {[%clk 0:01:31]} Nh1 {[%clk 0:00:48]} 70. Nf1
{[%clk 0:01:59]} Nf2 {[%clk 0:01:13]} 71. Ne3 {[%clk 0:01:59]} Nh1
{[%clk 0:01:01]} 72. Kd6 {[%clk 0:01:55]} Nxg3 {[%clk 0:01:01]} 73. Nd5+
{[%clk 0:02:23]} Kg6 {[%clk 0:00:36]} 74. Ke6 {[%clk 0:01:50]} Kg7
{[%clk 0:00:37]} 75. Ne7 {[%clk 0:02:04]} Ne2 {[%clk 0:00:44]} 76. Kxf5
{[%clk 0:01:56]} Nd4+ {[%clk 0:00:34]} 77. Ke4 {[%clk 0:01:56]} Ne2
{[%clk 0:00:45]} 78. f5 {[%clk 0:01:05]} Kf7 {[%clk 0:00:36]} 79. Nd5
{[%clk 0:01:31]} Ng3+ {[%clk 0:00:39]} 80. Kf4 {[%clk 0:01:38]} Ne2+
{[%clk 0:00:59]} 81. Kg5 {[%clk 0:01:52]} Ng3 {[%clk 0:00:43]} 82. Ne3
{[%clk 0:01:00]} Kg7 {[%clk 0:00:55]} 83. Nc2 {[%clk 0:01:12]} Kf7
{[%clk 0:00:49]} 84. Nd4 {[%clk 0:01:26]} Kg7 {[%clk 0:00:37]} 85. Nf3
{[%clk 0:01:19]} Ne4+ {[%clk 0:00:35]} 86. Kxh5 {[%clk 0:01:27]} Kf6
{[%clk 0:00:53]} 87. Nd4 {[%clk 0:01:47]} Ke5 {[%clk 0:01:04]} 88. Kg6
{[%clk 0:02:07]} Nf6 {[%clk 0:00:35]} 89. Nc6+ {[%clk 0:02:18]} 1-0

[Event "WCO2014"]
[Site "Tromso"]
[Date "2014.08.12"]
[Round "10.5"]
[WhiteID "1308521"]
[White "Seps Monika"]
[BlackID "5015197"]
[Black "Harika Dronavalli"]
[Result "0-1"]
[LiveChessVersion "1.4.3"]
[BlackElo "2521"]
[WhiteElo "2236"]

1. e4 {[%clk 1:30:58]} e6 {[%clk 1:30:52]} 2. d4 {[%clk 1:31:15]} d5
{[%clk 1:31:04]} 3. Nd2 {[%clk 1:31:39]} Nf6 {[%clk 1:31:19]} 4. e5
{[%clk 1:32:05]} Nfd7 {[%clk 1:31:40]} 5. Bd3 {[%clk 1:32:28]} c5
{[%clk 1:32:05]} 6. c3 {[%clk 1:32:54]} Nc6 {[%clk 1:32:28]} 7. Ne2
{[%clk 1:33:17]} a5 {[%clk 1:31:50]} 8. O-O {[%clk 1:18:55]} a4 {[%clk 1:31:35]}
9. a3 {[%clk 1:18:20]} cxd4 {[%clk 1:28:09]} 10. cxd4 {[%clk 1:18:47]} Nb6
{[%clk 1:28:27]} 11. Nf3 {[%clk 1:12:52]} Na5 {[%clk 1:23:37]} 12. Bc2
{[%clk 1:00:03]} Bd7 {[%clk 1:21:32]} 13. Nc3 {[%clk 0:56:50]} Nac4
{[%clk 1:16:01]} 14. Ng5 {[%clk 0:48:42]} g6 {[%clk 1:08:34]} 15. Qf3
{[%clk 0:46:22]} Qe7 {[%clk 1:08:55]} 16. Nh3 {[%clk 0:31:57]} h6
{[%clk 1:08:42]} 17. Nf4 {[%clk 0:31:26]} Rg8 {[%clk 1:04:37]} 18. g3
{[%clk 0:27:37]} Bc6 {[%clk 1:02:37]} 19. Rb1 {[%clk 0:25:31]} Qd7
{[%clk 0:57:40]} 20. Re1 {[%clk 0:20:10]} Na5 {[%clk 0:45:11]} 21. Nd1
{[%clk 0:18:49]} Nbc4 {[%clk 0:44:43]} 22. Ne3 {[%clk 0:18:47]} Nxe3
{[%clk 0:43:59]} 23. fxe3 {[%clk 0:19:00]} O-O-O {[%clk 0:37:20]} 24. Bd2
{[%clk 0:18:35]} Nc4 {[%clk 0:37:27]} 25. Bb4 {[%clk 0:16:19]} Bxb4
{[%clk 0:37:33]} 26. axb4 {[%clk 0:16:48]} Nd2 {[%clk 0:35:41]} 27. Qe2
{[%clk 0:11:11]} Nxb1 {[%clk 0:36:05]} 28. Rxb1 {[%clk 0:11:40]} Kb8
{[%clk 0:34:57]} 29. Bd3 {[%clk 0:10:18]} b6 {[%clk 0:30:27]} 30. b5
{[%clk 0:10:45]} Ba8 {[%clk 0:30:48]} 31. Qd1 {[%clk 0:10:26]} Rc8
{[%clk 0:28:30]} 32. Qxa4 {[%clk 0:07:38]} Qa7 {[%clk 0:28:54]} 33. Qd1
{[%clk 0:06:16]} Qa5 {[%clk 0:21:59]} 34. Ne2 {[%clk 0:05:48]} Qb4
{[%clk 0:21:45]} 35. Ra1 {[%clk 0:04:37]} Bb7 {[%clk 0:21:10]} 36. Qb1
{[%clk 0:00:58]} Qd2 {[%clk 0:15:46]} 37. Kf2 {[%clk 0:00:58]} Kc7
{[%clk 0:11:00]} 38. Qf1 {[%clk 0:00:40]} 0-1

[Event "WCO2014"]
[Site "Tromso"]
[Date "2014.08.12"]
[Round "10.6"]
[WhiteID "5007844"]
[White "Sachdev Tanya"]
[BlackID "1301446"]
[Black "Hund Barbara"]
[Result "1/2-1/2"]
[LiveChessVersion "1.4.3"]
[BlackElo "2153"]
[WhiteElo "2418"]

1. d4 {[%clk 1:30:43]} Nf6 {[%clk 1:30:39]} 2. c4 {[%clk 1:31:08]} e6
{[%clk 1:30:53]} 3. Nf3 {[%clk 1:31:33]} Bb4+ {[%clk 1:31:01]} 4. Bd2
{[%clk 1:31:59]} Qe7 {[%clk 1:31:10]} 5. g3 {[%clk 1:32:18]} Bxd2+
{[%clk 1:30:18]} 6. Qxd2 {[%clk 1:32:41]} Nc6 {[%clk 1:29:40]} 7. Nc3
{[%clk 1:32:10]} d5 {[%clk 1:26:57]} 8. Bg2 dxc4 {[%clk 1:24:10]} 9. O-O
{[%clk 1:20:52]} O-O {[%clk 1:23:18]} 10. Rfd1 {[%clk 1:16:50]} Rb8
{[%clk 1:18:08]} 11. e4 {[%clk 1:04:59]} e5 {[%clk 1:10:39]} 12. Nd5
{[%clk 0:46:43]} Qd6 {[%clk 1:02:30]} 13. dxe5 {[%clk 0:28:00]} Nxe5
{[%clk 1:02:40]} 14. Qc3 {[%clk 0:25:53]} Nxf3+ {[%clk 1:00:42]} 15. Bxf3
{[%clk 0:26:21]} Nxd5 {[%clk 1:00:09]} 16. Rxd5 {[%clk 0:26:38]} Qb6
{[%clk 0:56:11]} 17. a4 {[%clk 0:22:39]} Be6 {[%clk 0:50:00]} 18. Rb5
{[%clk 0:23:04]} Qa6 {[%clk 0:48:10]} 19. Ra5 {[%clk 0:22:14]} Qb6
{[%clk 0:46:46]} 20. Rb5 {[%clk 0:22:17]} Qa6 {[%clk 0:47:04]} 21. Ra5
{[%clk 0:18:55]} Qb6 {[%clk 0:47:08]} 22. Rb5 {[%clk 0:19:19]} Qa6
{[%clk 0:47:29]} 1/2-1/2

[Event "WCO2014"]
[Site "Tromso"]
[Date "2014.08.12"]
[Round "10.7"]
[WhiteID "4612434"]
[White "Heinatz Gundula"]
[BlackID "5012600"]
[Black "Karavade Eesha"]
[Result "0-1"]
[LiveChessVersion "1.4.3"]
[BlackElo "2392"]
[WhiteElo "2169"]

1. d4 {[%clk 1:30:57]} d5 {[%clk 1:30:52]} 2. Nf3 {[%clk 1:31:15]} Nf6
{[%clk 1:31:14]} 3. Bg5 {[%clk 1:31:26]} Ne4 {[%clk 1:29:26]} 4. Bf4
{[%clk 1:31:43]} Bf5 {[%clk 1:28:02]} 5. Nbd2 {[%clk 1:30:17]} e6
{[%clk 1:22:31]} 6. e3 {[%clk 1:29:25]} Bd6 {[%clk 1:22:42]} 7. Nxe4
{[%clk 1:23:47]} Bxe4 {[%clk 1:20:03]} 8. Bd3 {[%clk 1:13:47]} Bxd3
{[%clk 1:11:48]} 9. Qxd3 {[%clk 1:14:00]} Nd7 {[%clk 1:11:53]} 10. O-O
{[%clk 1:12:41]} h6 {[%clk 1:10:09]} 11. Be5 {[%clk 1:06:44]} Bxe5
{[%clk 1:04:32]} 12. dxe5 {[%clk 1:06:29]} O-O {[%clk 1:03:01]} 13. Rfd1
{[%clk 0:59:43]} c6 {[%clk 0:59:56]} 14. a4 {[%clk 0:56:58]} Qc7 {[%clk 0:57:02]}
15. Qd4 {[%clk 0:57:00]} Rfd8 {[%clk 0:52:55]} 16. Qf4 {[%clk 0:55:20]} a5
{[%clk 0:52:12]} 17. b3 {[%clk 0:52:42]} Nc5 {[%clk 0:47:29]} 18. h4
{[%clk 0:46:12]} b5 {[%clk 0:44:51]} 19. Nh2 {[%clk 0:45:27]} bxa4
{[%clk 0:44:05]} 20. bxa4 {[%clk 0:45:34]} Nd7 {[%clk 0:39:24]} 21. Nf3
{[%clk 0:45:55]} Rab8 {[%clk 0:39:32]} 22. c3 {[%clk 0:42:42]} Nc5
{[%clk 0:36:00]} 23. g4 {[%clk 0:42:19]} Rb2 {[%clk 0:35:25]} 24. g5
{[%clk 0:42:12]} h5 {[%clk 0:35:04]} 25. Rf1 {[%clk 0:29:11]} Rdb8
{[%clk 0:33:21]} 26. Rad1 {[%clk 0:20:10]} Ne4 {[%clk 0:32:29]} 27. Rc1
{[%clk 0:19:48]} Ra2 {[%clk 0:25:15]} 28. Nd4 {[%clk 0:18:42]} Rbb2
{[%clk 0:23:17]} 29. g6 {[%clk 0:16:02]} fxg6 {[%clk 0:21:22]} 30. Nxe6
{[%clk 0:16:06]} Qe7 {[%clk 0:19:44]} 31. Ng5 {[%clk 0:11:39]} Rxf2
{[%clk 0:20:04]} 32. Rxf2 {[%clk 0:11:35]} Rxf2 {[%clk 0:20:28]} 33. Nf3
{[%clk 0:11:51]} Qb7 {[%clk 0:15:58]} 34. Rf1 {[%clk 0:09:57]} Qb2
{[%clk 0:15:56]} 0-1